[Event "Montreal op"]
[Site "Montreal"]
[Date "2024.09.14"]
[Round "2"]
[White "Hall, Jackson Thurner"]
[Black "Stoica, Savas Marin"]
[Result "0-1"]
[WhiteElo "1696"]
[BlackElo "2119"]
[PlyCount "104"]
[EventDate "2024.09.13"]
[EventType "swiss"]
[EventRounds "5"]
[EventCountry "CAN"]
[SourceTitle "EXT 2025"]
[Source "ChessBase"]
[SourceDate "2024.10.14"]
[SourceVersion "1"]
[SourceVersionDate "2024.10.14"]
[SourceQuality "1"]

1. e4 c5 2. Nf3 d6 3. d4 cxd4 4. Nxd4 Nf6 5. Nc3 Nc6 6. Bg5 e6 7. Qd2 a6 8. Bc4 Bd7 9. f3 Rc8 10. Nxc6 Bxc6 11. Bb3 h6 12. Bf4 b5 13. 0-0-0 b4 14. Nd5 exd5 15. exd5 Bb5 16. Rhe1+ Be7 17. Qxb4 0-0 18. a4 Bd7 19. Bxd6 Bxd6 20. Qxd6 Qa5 21. Qf4 Rb8 22. Re5 Rfc8 23. Kb1 Qb6 24. Rd4 Rxc2 25. Kxc2 Qxb3+ 26. Kd2 Qxb2+ 27. Ke1 Qc3+ 28. Kf2 Qc5 29. Kf1 Rb1+ 30. Re1 Nxd5 31. Qd2 Rxe1+ 32. Kxe1 Be6 33. Ke2 a5 34. g4 Nb4 35. Kf1 Nc6 36. Re4 Ne5 37. Kg2 Nxg4 38. Rxe6 fxe6 39. Qd8+ Qf8 40. Qxa5 Ne3+ 41. Kf2 Nd5 42. Qa6 Qc5+ 43. Kg2 Nf4+ 44. Kg3 Qg5+ 45. Kf2 Qh4+ 46. Ke3 Nd5+ 47. Kd2 Qxh2+ 48. Ke1 Qg1+ 49. Kd2 Qf2+ 50. Kc1 Qe1+ 51. Kb2 Qd2+ 52. Ka1 Qc1+ 0-1

[Event "Montreal op"]
[Site "Montreal"]
[Date "2024.09.13"]
[Round "1"]
[White "Have, Didier"]
[Black "Hall, Jackson Thurner"]
[Result "0-1"]
[WhiteElo "1947"]
[BlackElo "1696"]
[PlyCount "100"]
[EventDate "2024.09.13"]
[EventType "swiss"]
[EventRounds "5"]
[EventCountry "CAN"]
[SourceTitle "EXT 2025"]
[Source "ChessBase"]
[SourceDate "2024.10.14"]
[SourceVersion "1"]
[SourceVersionDate "2024.10.14"]
[SourceQuality "1"]

1. e4 c5 2. Nf3 d6 3. Bb5+ Nd7 4. d4 cxd4 5. Qxd4 Ngf6 6. Nc3 g6 7. 0-0 Bg7 8. Bg5 h6 9. Be3 0-0 10. Qd2 Kh7 11. Rad1 a6 12. Bc4 b5 13. Bd5 Nxd5 14. exd5 Bb7 15. Ne4 Nb6 16. Bxb6 Qxb6 17. Nc3 b4 18. Na4 Qb5 19. b3 Rac8 20. Rfe1 Rc7 21. Nd4 Qxd5 22. f3 e5 23. Ne2 Qxd2 24. Rxd2 Rd8 25. Red1 d5 26. Nb6 Rc5 27. Na4 Ra5 28. c3 bxc3 29. Naxc3 d4 30. Ne4 f5 31. Nf2 e4 32. fxe4 fxe4 33. Nxe4 Bxe4 34. b4 Ra3 35. Nxd4 Bxd4+ 36. Rxd4 Rxd4 37. Rxd4 Bf5 38. Rd2 Be6 39. Re2 Bf7 40. Re7 Kg7 41. Rb7 Kf6 42. b5 axb5 43. Rxb5 Rxa2 44. Rb6+ Ke5 45. Rb5+ Bd5 46. g3 Rg2+ 47. Kf1 Rxh2 48. Rc5 Ra2 49. Rb5 Kd4 50. Rb6 Ke3 0-1